Sports Quiz

Random Sports or Decade Quiz

MLB Team Rankings 2001-2010 Quiz Stats

 Plays Quiz not verified by Sporcle

Score 0/30 Timer 05:00
0 Plays Today
Wins-Losses MLB Team % Correct
981-636New York Yankees
99.6%
924-695Boston Red Sox
96.7%
906-714Los Angeles Angels of Anaheim/Anaheim Angels
74.7%
904-715St. Louis Cardinals
73.6%
888-730Atlanta Braves
64.9%
888-733Minnesota Twins
56.1%
882-737Philadelphia Phillies
52.8%
662-958Kansas City Royals
51.3%
669-948Pittsburgh Pirates
49.9%
880-739Oakland Athletics
47.4%
856-764Los Angeles Dodgers
44.3%
850-767San Francisco Giants
42.9%
690-928Baltimore Orioles
39.8%
850-771Chicago White Sox
39.5%
829-789Chicago Cubs
37.2%
Wins-Losses MLB Team % Correct
713-906Washington Nationals/Montreal Expos
35.5%
721-897Tampa Bay Rays/Tampa Bay Devil Rays
34.6%
836-783Houston Astros
34.1%
800-818New York Mets
32.4%
812-807Florida Marlins
29.8%
807-812Toronto Blue Jays
27.3%
757-863Cincinnati Reds
26.7%
731-889Detroit Tigers
26.4%
807-813Seattle Mariners
26%
795-825Cleveland Indians
23.6%
795-825Texas Rangers
23.5%
795-826San Diego Padres
22.6%
745-874Milwaukee Brewers
22.1%
770-851Colorado Rockies
21.1%
785-835Arizona Diamondbacks
18%

You're not logged in!

Compare scores with friends on all Sporcle quizzes.
OR
Log In

Show Comments

Extras

Top Quizzes Today


Score Distribution

Your Account Isn't Verified!

In order to create a playlist on Sporcle, you need to verify the email address you used during registration. Go to your Sporcle Settings to finish the process.

Report this User

Report this user for behavior that violates our Community Guidelines.

Details: